00777nam a22002177a 4500003000500000005001700005008004100022010001000063011001000073035001000083040000900093100003200102245016400134260004200298300001000340502009300350650004000443650002500483650002600508650002500534CHAP20220329141646.0971013s1983 r 00010 d a71749 a72721 a82277 cCHAP00aCampuzano Velasco, Rodrigo. aEnsayo de adaptación y rendimiento de 20 variedades e híbridos de girasol (Heliantus annuus L.) procedentes de la FAO, Italia y del ITESM en Apodaca, N. L. a(Monterrey, N. L.) :bEl autor,c1983 a79 h. aTesis (Ing. Agr. en Producción) -- ITESM. Div. de Ciencias Agropecuarias y Marítimas14aGirasolxEfecto del medio ambiente.14aGirasolxHíbridos.14aGirasolxRendimiento.14aGirasolxVariedades.